000 00743nam a2200265#a 4500
001 00902
003 HDC
007 ta
008 230623s2004 xx 000 0 eng d
020 _a0072232021 (pbk.).
040 _aHDC
050 _aHD 30.2
_b .P49 2004 C14
100 _aPhillips, Joseph
245 0 _aIT project management :
_bon track from start to finish /
_cJoseph Phillips
250 _a2nd ed.
264 _aNew york :
_bMcGraw-Hill Osborne,
_c2004
300 _axxii,535p. :
_b ill. ;
_c 24 cm. +
_e 1 CD-ROM (3 1/2 in.)
500 _aIncludes index.
650 _aInformation technology
_xManagement.
650 _aProject management.
942 _2lcc
942 _cBK
942 _kHD 30.2
942 _m .P49 2004 C14
999 _c22506
_d22506